A biographical dictionary of British architects, 1600-1840 (Record no. 354457)

MARC details
000 -LEADER
fixed length control field 00659nam a2200205Ia 4500
008 - FIXED-LENGTH DATA ELEMENTS--GENERAL INFORMATION
fixed length control field 191130s2008##################000#0#eng##
020 ## - INTERNATIONAL STANDARD BOOK NUMBER
International Standard Book Number 9780300125085
040 ## - CATALOGING SOURCE
Original cataloging agency ACL
Transcribing agency ACL
082 ## - DEWEY DECIMAL CLASSIFICATION NUMBER
Classification number 720.92241 COL
100 ## - MAIN ENTRY--PERSONAL NAME
Personal name Colvin, Howard
245 ## - TITLE STATEMENT
Title A biographical dictionary of British architects, 1600-1840
Statement of responsibility, etc. Howard Colvin
250 ## - EDITION STATEMENT
Edition statement 4th ed
260 ## - PUBLICATION, DISTRIBUTION, ETC.
Place of publication, distribution, etc. New Haven, CT
Name of publisher, distributor, etc. Yale University Press
Date of publication, distribution, etc. 2008
300 ## - PHYSICAL DESCRIPTION
Extent 1334 p. ; 24 cm
500 ## - GENERAL NOTE
General note Includes bibliographical references and indexes
650 ## - SUBJECT ADDED ENTRY--TOPICAL TERM
Topical term or geographic name entry element Architects - Great Britain - Biography - Dictionaries
990 ## - EQUIVALENCES OR CROSS-REFERENCES [LOCAL, CANADA]
Link information for 9XX fields 6da7ec8bac10000c5f4e8d6402882d60
991 ## -
-- 310756

No items available.

Find us on the map